|
|
|
|
| LEADER |
00000nam a2200000Ia 4500 |
| 003 |
cru INIE |
| 005 |
20161107105815.0 |
| 008 |
161107b2011 cr ||||| |||| 00| 0 spa d |
| 999 |
|
|
|c 2475
|d 2475
|
| 040 |
|
|
|a cru INIE
|
| 090 |
|
|
|a CD #213
|
| 111 |
2 |
|
|a Simposio Internacional en Ciencias del Deporte, el Ejercicio y la Salud (18: 2011 Octubre 25-28 : San José, Costa Rica)
|9 2151
|
| 245 |
1 |
0 |
|a Memoria
|
| 260 |
|
|
|a San José, Costa Rica :
|b Escuela de Educación Física y Deportes. Universidad de Costa Rica,
|c 2011
|
| 300 |
|
|
|a disco compacto
|
| 500 |
|
|
|a El CD contiene resúmenes de las conferencias y talleres
|
| 650 |
|
0 |
|a DEPORTES
|9 2152
|
| 650 |
|
0 |
|a SALUD
|9 268
|
| 650 |
|
0 |
|a CONFERENCIA
|9 506
|
| 711 |
|
|
|a Simposio Internacional en Ciencias del Deporte, el Ejercicio y la Salud (18: 2011 Octubre 25-28 : San José, Costa Rica)
|
| 942 |
|
|
|i 002468
|h CD #213
|2 z
|c 08
|